Death in ancient Egypt /
محفوظ في:
المؤلف الرئيسي:
التنسيق: كتاب
اللغة: English
منشور في:
Stroud :
Sutton,
2006.
الموضوعات:
الوسوم: إضافة وسم
لا توجد وسوم, كن أول من يضع وسما على هذه التسجيلة!
رقم الطلب: GT3288 .M33 2006
| LEADER | 01073namaa2200265 4500 | ||
|---|---|---|---|
| 001 | 19152 | ||
| 003 | OSt | ||
| 005 | 20250807094136.0 | ||
| 008 | 130303s2006 enka g 000 0 eng d | ||
| 020 | |a 075093932X | ||
| 040 | |c ARCE Library | ||
| 043 | |a f-ua--- | ||
| 050 | 4 | |a GT3288 .M33 2006 | |
| 100 | 1 | |a McDermott, Bridget, |e author | |
| 245 | 1 | 0 | |a Death in ancient Egypt / |c Bridget McDermott. |
| 264 | 1 | |a Stroud : |b Sutton, |c 2006. | |
| 300 | |a xv, 240 pages : |b illustrations ; |c 26 cm. | ||
| 504 | |a Includes bibliographical references and index. | ||
| 505 | 0 | |a •1. Life and death in ancient Egypt •2. Mortality in ancient Egypt •3. Death and the gods •4. Funerary literature •5. Ancient Egyptian burial •6. Discovering the dead •7. Festivals and the temple •8. Equipping the dead •9. Mummification, ritual and the royal ancestors. | |
| 650 | 0 | |a Death |z Egypt |x Religious aspects. | |
| 650 | 0 | |a Funeral rites and ceremonies |z Egypt. | |
| 651 | 0 | |a Egypt |x Social life and customs |y To 332 B.C. | |
| 901 | |a reviewed | ||
| 942 | |c BK |2 lcc | ||
| 999 | |c 16926 |d 16926 | ||
